<?xml version="1.0" encoding="UTF-8"?>
<record
    xmlns:xsi="http://www.w3.org/2001/XMLSchema-instance"
    xsi:schemaLocation="http://www.loc.gov/MARC21/slim http://www.loc.gov/standards/marcxml/schema/MARC21slim.xsd"
    xmlns="http://www.loc.gov/MARC21/slim">

  <leader>00551nam a2200181Ia 4500</leader>
  <controlfield tag="008">090123s9999    xx            000 0 und d</controlfield>
  <datafield tag="082" ind1=" " ind2=" ">
    <subfield code="b">33309</subfield>
  </datafield>
  <datafield tag="100" ind1=" " ind2=" ">
    <subfield code="a">&#x917;&#x935;&#x93E;&#x923;&#x915;&#x930; &#x917;&#x902;&#x917;&#x93E;&#x930;&#x93E;&#x92E;</subfield>
  </datafield>
  <datafield tag="245" ind1=" " ind2=" ">
    <subfield code="a">&#x935;&#x938;&#x94D;&#x924;&#x94D;&#x930;&#x939;&#x930;&#x923;</subfield>
  </datafield>
  <datafield tag="250" ind1=" " ind2=" ">
    <subfield code="a">0</subfield>
  </datafield>
  <datafield tag="260" ind1=" " ind2=" ">
    <subfield code="b">&#x92E;&#x947;&#x939;&#x924;&#x93E; &#x92A;&#x94D;&#x930;&#x915;&#x93E;&#x936;&#x928;</subfield>
    <subfield code="c">2001</subfield>
  </datafield>
  <datafield tag="300" ind1=" " ind2=" ">
    <subfield code="a">89</subfield>
  </datafield>
  <datafield tag="600" ind1=" " ind2=" ">
    <subfield code="a">&#x917;&#x935;&#x93E;&#x923;&#x915;&#x930; &#x917;&#x902;&#x917;&#x93E;&#x930;&#x93E;&#x92E;</subfield>
  </datafield>
  <datafield tag="630" ind1=" " ind2=" ">
    <subfield code="a">&#x935;&#x938;&#x94D;&#x924;&#x94D;&#x930;&#x939;&#x930;&#x923;</subfield>
  </datafield>
  <datafield tag="700" ind1=" " ind2=" ">
    <subfield code="a">&#x917;&#x935;&#x93E;&#x923;&#x915;&#x930; &#x917;&#x902;&#x917;&#x93E;&#x930;&#x93E;&#x92E;</subfield>
  </datafield>
  <datafield tag="730" ind1=" " ind2=" ">
    <subfield code="a">&#x935;&#x938;&#x94D;&#x924;&#x94D;&#x930;&#x939;&#x930;&#x923;</subfield>
  </datafield>
  <datafield tag="942" ind1=" " ind2=" ">
    <subfield code="c">BOOK</subfield>
  </datafield>
  <datafield tag="999" ind1=" " ind2=" ">
    <subfield code="c">71368</subfield>
    <subfield code="d">71368</subfield>
  </datafield>
  <datafield tag="952" ind1=" " ind2=" ">
    <subfield code="0">0</subfield>
    <subfield code="1">1</subfield>
    <subfield code="4">0</subfield>
    <subfield code="7">0</subfield>
    <subfield code="a">KALWAJAWAH</subfield>
    <subfield code="b">KALWAJAWAH</subfield>
    <subfield code="d">2002-03-31</subfield>
    <subfield code="g">90.00</subfield>
    <subfield code="l">0</subfield>
    <subfield code="o">33309</subfield>
    <subfield code="p">KLW-33309</subfield>
    <subfield code="r">2009-01-23 00:00:00</subfield>
    <subfield code="v">90.00</subfield>
    <subfield code="w">2009-01-23</subfield>
    <subfield code="y">BOOK</subfield>
  </datafield>
</record>
